Ekonomické a právne aspekty zadlžovania sa krajín Európskej únie bakalárska práca

Gespeichert in:
Bibliographische Detailangaben
1. Verfasser: Čikel, Nikolas
Körperschaften: Národohospodárska fakulta EU. Katedra ekonómie, Univerzita Komenského v Bratislave. Právnická fakulta
Weitere Verfasser: Darmo, Ľubomír, 1984-
Format: Buch
Sprache:Slowakisch
Veröffentlicht: Bratislava 2024
Tags: Tag hinzufügen
Keine Tags, Fügen Sie das erste Tag hinzu!

MARC

LEADER 00000nbm a2200000 4500
001 0309144
005 20251210094753.7
041 0 |a slo 
044 |a SK 
245 1 0 |a Ekonomické a právne aspekty zadlžovania sa krajín Európskej únie  |b bakalárska práca  |c Nikolas Čikel ; školiteľ: Ľubomír Darmo 
264 1 |a Bratislava  |c 2024 
300 |a 48 s. 
100 1 |a Čikel, Nikolas 
700 1 |a Darmo, Ľubomír, 1984- 
710 2 |a Národohospodárska fakulta EU. Katedra ekonómie 
710 2 |a Univerzita Komenského v Bratislave. Právnická fakulta